| 000 | 00432nam a22001697a 4500 | ||
|---|---|---|---|
| 003 | MPLRDC | ||
| 005 | 20220104163630.0 | ||
| 008 | 210129b ||||| |||| 00| 0 eng d | ||
| 020 | _a0-19-585334-2 | ||
| 082 | _a859.6 VER c.3 | ||
| 100 | _aJULES VERNE | ||
| 245 |
_aAROUND THE WORLD IN EIGHTY DAYS _c |
||
| 260 |
_a _bOXFORD UNIVERSITY PRESS _c1992 |
||
| 300 | _b平 | ||
| 650 | _aCHILDREN LITERATURE | ||
| 942 |
_cBK _o859.6 VER c.3 |
||
| 999 |
_c56562 _d56552 |
||